| Tag |
First Indicator |
Second Indicator |
Subfields |
| LEADER |
00000cam a2200000 a 4500 |
| 001 |
in00000018158 |
| 005 |
20151007053152.0 |
| 008 |
870216s1985 txua s00010 eng d |
| 035 |
|
|
|a (OCoLC)15200766
|
| 035 |
|
|
|9 AAB0645AM
|
| 040 |
|
|
|a TXA
|c TXA
|d m/c
|d GZS
|d TXA
|d UtOrBLW
|
| 049 |
|
|
|a TXAM
|c [A10206574]
|
| 050 |
|
4 |
|a HF5438.25
|b .L875 1985
|
| 100 |
1 |
|
|a Luter, Robert R.
|
| 245 |
1 |
0 |
|a Fundamentals of retail selling :
|b a short course outline /
|c prepared by Robert R. Luter.
|
| 264 |
|
1 |
|a Austin, Tex. :
|b Extension Instruction and Materials Center, University of Texas at Austin,
|c [1985]
|
| 264 |
|
4 |
|c ©1985
|
| 300 |
|
|
|a x, 40 pages :
|b illustrations ;
|c 28 cm.
|
| 336 |
|
|
|a text
|b txt
|2 rdacontent
|
| 337 |
|
|
|a unmediated
|b n
|2 rdamedia
|
| 338 |
|
|
|a volume
|b nc
|2 rdacarrier
|
| 500 |
|
|
|a "Stock number DE 120 C."
|
| 500 |
|
|
|a Cover title.
|
| 650 |
|
0 |
|a Selling
|x Study and teaching.
|
| 650 |
|
0 |
|a Retail trade
|x Study and teaching.
|
| 710 |
2 |
|
|a University of Texas at Austin.
|b Extension Instruction and Materials Center.
|
| 999 |
|
|
|a MARS
|
| 999 |
f |
f |
|s a7a246f1-310b-36e0-8f69-91b487605e35
|i 1331831f-381d-367f-8cd2-0aaae1d04b6f
|t 0
|
| 952 |
f |
f |
|p ric
|a Texas A&M University
|b Rellis Campus
|c Joint Library Facility
|d Remote Storage
|t 0
|e HF5438.25 .L875 1985
|h Library of Congress classification
|i unmediated -- volume
|m A14810206574
|
| 998 |
f |
f |
|a HF5438.25 .L875 1985
|t 0
|l Remote Storage
|